Using SideKick : (Record no. 541573)

000 -LEADER
fixed length control field 00580cam a2200169 a 4500
020 ## - INTERNATIONAL STANDARD BOOK NUMBER
International Standard Book Number 0078812968 (pbk.) :
082 00 - DEWEY DECIMAL CLASSIFICATION NUMBER
Classification number 004
Author Mark ROB
-- Donation
100 1# - MAIN ENTRY--PERSONAL NAME
Personal name Robinson, Phillip R.
9 (RLIN) 36536
245 10 - TITLE STATEMENT
Title Using SideKick :
Remainder of title the desktop organizer /
Statement of responsibility, etc. Phillip R. Robinson.
260 ## - PUBLICATION, DISTRIBUTION, ETC.
Place of publication, distribution, etc. Berkeley, Calif., U.S.A. :
Name of publisher, distributor, etc. Osborne McGraw-Hill,
Date of publication, distribution, etc. c1988.
300 ## - PHYSICAL DESCRIPTION
Extent xiv, 395 p. :
Other physical details ill. ;
Dimensions 24 cm.
500 ## - GENERAL NOTE
General note Includes index.
526 ## - STUDY PROGRAM INFORMATION NOTE
Program name 0
Interest level 0
Reading level 0
Title point value 004_000000000000000_ROB
650 #0 - SUBJECT ADDED ENTRY--TOPICAL TERM
Topical term or geographic name entry element Business
General subdivision Computer programs.
9 (RLIN) 19731
650 #0 - SUBJECT ADDED ENTRY--TOPICAL TERM
Topical term or geographic name entry element Office practice
General subdivision Automation.
9 (RLIN) 36537
942 ## - ADDED ENTRY ELEMENTS (KOHA)
Source of classification or shelving scheme
Koha item type Book
Holdings
Withdrawn status Lost status Source of classification or shelving scheme Damaged status Not for loan Permanent Location Current Location Date acquired Total Checkouts Full call number Barcode Date last seen Price effective from Koha item type
          Military College of Engineering (MCE) Military College of Engineering (MCE) 08/15/2013   004 ROB MCE-34659 08/15/2013 08/15/2013 Book
© 2023 Central Library, National University of Sciences and Technology. All Rights Reserved.